000 00671nam a2200205 4500
999 _c171858
_d171858
005 20230704112316.0
010 _aENG-127513 ENG-137261
020 _c295.00
_a9788187649397
035 _aEN-111045 EN-120793
037 _bDBAD/PUB
082 _aS
100 _aHussein,Abdullah
245 _aDownfall by Degrees/
_cby Abdullah Hussein ; translated by Muhammad Umar Memon :edited by Muhammad Umar Memon
260 _aNew Delhi
_bKatha Urdu Library
_c2003
270 _aA-3 Sarvodaya Enclave Sri Aurobindo Marg
_bNew Delhi
_e110017
300 _a294p.
_c20cm(pbk)
700 _aMuhammad Umar Memon
700 _aMuhammad Umar Memon
942 _2ddc
_cEN
_hS
_mHUS